Effects of UV-A (320 to 399 nanometers) on grazing pressure of a marine heterotrophic nanoflagellate on strains of the unicellular cyanobacteria synechococcus spp. /

Na minha lista:
Detalhes bibliográficos
Autor principal: Ochs, Clifford A.
Outros Autores: Eddy, Laura P.
Formato: Artigo
Idioma:English
Assuntos:
Tags: Adicionar Tag
Sem tags, seja o primeiro a adicionar uma tag!
Thư viện lưu trữ: Thư viện Trường Đại học Đà Lạt
LEADER 01067nam a2200325 4500
001 DLU090091214
005 ##20091201
040 # # |a DLU  |b eng 
041 # # |a eng 
044 # # |a us 
100 # # |a Ochs, Clifford A. 
245 # # |a Effects of UV-A (320 to 399 nanometers) on grazing pressure of a marine heterotrophic nanoflagellate on strains of the unicellular cyanobacteria synechococcus spp. /  |c Clifford A. Ochs, Laura P. Eddy. 
653 # # |a Bacterioplankton 
653 # # |a Biological productivity 
653 # # |a Phytoplankton 
653 # # |a Predation 
653 # # |a Primary productivity 
653 # # |a Synechococcus 
653 # # |a Trophic relation 
700 # # |a Eddy, Laura P. 
773 # # |t Applied and Environmental Microbiology  |g Vol. 64, no. 1 (January 1998), p. 287-293 
920 # # |a Phòng Tạp chí -- Trung tâm Thông tin - Thư viện Trường Đại học Đà Lạt 
994 # # |a DLU 
900 # # |a True 
911 # # |a Trương Bảo Trâm Anh 
925 # # |a G 
926 # # |a A 
927 # # |a BB 
980 # # |a Thư viện Trường Đại học Đà Lạt